Riconosci il Pokémon - Quiz n°222 - Statistics

Statistiche generali
  • Questo quiz è stato fatto 1 volte
  • Il punteggio medio è 9 su 10
Statistiche sulle risposte
Indizio Risposta % Corretto
Altezza 1,5 m
100%
Tasso di cattura 45 (11.9%)
100%
Sesso 50% ♂, 50% ♀
100%
Peso 62,0 kg
100%
Tipo Acqua / Terra
100%
Tasso di allevamento Medio-Lento
100%
Abilità Nuotovelox; Velentocco; Assorbacqua
100%
Generazione Quinta
100%
Stadio evoluzione Seconda evoluzione
100%
Pokémon Seismitoad
0%
Nessun quiz corrispondente trovato
Distribuzione punteggi
Percentuale di utenti per punteggio
Percentile per numero di risposta
I tuoi punteggi nel tempo
Non hai fatto questo quiz